| 000 | 01201nas a2200397 4500 | ||
|---|---|---|---|
| 001 | BR2018001634 | ||
| 003 | BR-BrBNA | ||
| 005 | 20231205131356.0 | ||
| 007 | ta | ||
| 008 | 230509b bl.|||p| |||| 00| 00por d | ||
| 040 |
_aBR-BrBNA _bpor _cBiblioteca Nacional de Agricultura |
||
| 041 | _a(En) | ||
| 072 | _aF30; F03 | ||
| 100 | 1 | _aSzareski, V.J. | |
| 100 | 1 | _aCarvalho, I.R. | |
| 100 | 1 | _aKehl, K. | |
| 100 | 1 | _aLevien, A.M. | |
| 100 | 1 | _aNardino, M. | |
| 100 | 1 | _aDellagostin, S.M. | |
| 100 | 1 | _aDemari, G.H. | |
| 100 | 1 | _aLautenchleger, F. | |
| 100 | 1 | _aVillela, F.A. | |
| 100 | 1 | _aPedó, T. | |
| 100 | 1 | _aSouza, V.Q. de | |
| 100 | 1 | _aAumonde, T.Z. | |
| 245 | 1 | _aAdaptability and stability of wheat genotypes according to the phenotypic index of seed vigor | |
| 650 | _aTRIGO | ||
| 650 | _aSEMENTE | ||
| 650 | _aGENÓTIPO | ||
| 650 | _aVIGOR HÍBRIDO | ||
| 650 | _aCONDUTIVIDADE ELÉTRICA | ||
| 773 | 0 |
_tPesquisa Agropecuária Brasileira (Brazil) _xISSN 1678-3921 _g(Jun 2018), v. 53(6) p. 727-735 _wBR2018001634 |
|
| 856 | 4 | 0 | _uhttp://seer.sct.embrapa.br/index.php/pab/article/view/26103/14197 |
| 909 |
_a202311 _bLúcia _c55 _dLúcia Elande |
||
| 942 |
_2AGRIS _n0 _cANA |
||
| 999 |
_c254470 _d254470 |
||